00557cam a22002171 4500001001300000003000400013005001700017008004100034010001700075025002000092035002000112040002100132050001700153100003900170245004200209260001000251300002700261500001600288650001800304999001700322sa 64001982 DLC20260227112006.0941104s1963 ii a 000 0 maro  asa 64001982  aPL480:I-Mar-511 a(OCoLC)31407569 aDLCcCUdCUdDLC00aHQ1061b.M451 aMhaskar, Krishnaji Shripat,d1879-10aVṛddhāñcē jīvanaśāstra. c1963. a118 p.billus.c18 cm. aIn Marathi. 0aOlder people. c57080d57080